Théatre. Tome III
Uloženo v:
| Hlavní autor: | |
|---|---|
| Médium: | Kniha |
| Jazyk: | francouzština |
| Vydáno: |
París
Delangle Frères, Editeurs-Libraires
1829
|
| Vydání: | 1a. ed |
| Edice: | Oeuvres complètes de Voltaire, 5
|
| Témata: | |
| Tagy: |
Přidat tag
Žádné tagy, Buďte první, kdo vytvoří štítek k tomuto záznamu!
|
MARC
| LEADER | 00000nam a2200000 a 4500 | ||
|---|---|---|---|
| 001 | UCJ7459 | ||
| 003 | CL-VaPUC | ||
| 008 | 070124e18290000FR |||||||||||||||||fre|d | ||
| 082 | 0 | 4 | |a 848 |b VOL |2 21 |
| 100 | 0 | |a Voltaire, François Marie Aroue de |e author |9 515894 | |
| 245 | 1 | 0 | |a Théatre. Tome III |
| 246 | 1 | 3 | |a La Mort de Cesar |
| 246 | 1 | 0 | |a Alzire oú Les Américaines |
| 246 | 1 | 0 | |a Zulime |
| 250 | |a 1a. ed | ||
| 300 | |a 564 p | ||
| 942 | |c BK | ||
| 945 | |d 20070124 00:00:00 |a rinostro | ||
| 260 | |a París |b Delangle Frères, Editeurs-Libraires |c 1829 | ||
| 500 | |a Se encuentra ubicado en la sala Emilio Tagle C. | ||
| 650 | 0 | |a Teatro francés |9 265089 | |
| 650 | 0 | |a Crítica literaria |9 269189 | |
| 583 | |a last modification |c 20070124 00:00:00 |k Rodrigo Vera | ||
| 490 | 0 | |a Oeuvres complètes de Voltaire, 5 | |
| 999 | |c 323543 |d 323541 | ||
| 952 | |0 0 |1 0 |4 0 |6 848_000000000000000_VOL_1829 |7 0 |8 X |9 403230 |a FDOBUD |b FDOBUD |d 2019-11-22 |i 1064096 |o 848 VOL 1829 |p 1064096 |r 2019-11-22 |w 2019-11-22 |y BK_X |k BUD | ||